Countries in Eurovision by Highest Score* - Statistics

General Stats
  • This quiz has been taken 14 times
  • The average score is 16 of 51
Answer Stats
# Highest Score Answer Year % Correct
2 631 Ukraine 2022
92%
7 499 France 2021
85%
5 524 Italy 2021
85%
1 758 Portugal 2017
85%
10 466 United Kingdom 2022
77%
3 615 Bulgaria 2017
69%
4 529 Israel 2018
69%
12 438 Sweden 2022
69%
8 498 The Netherlands 2019
69%
6 511 Australia 2016
62%
15 387 Norway 2009
62%
11 459 Spain 2022
62%
13 436 Cyprus 2018
54%
14 432 Switzerland 2021
54%
9 491 Russia 2016
38%
16 378 Iceland 2021
31%
17 374 Moldova 2017
31%
48 77 San Marino 2019
31%
21 312 Serbia 2022
31%
51 19 Slovakia 1996
31%
43 137 Yugoslavia 1989
31%
50 23 Andorra 2005, 2006
23%
19 342 Austria 2018
23%
18 363 Belgium 2017
23%
27 281 Denmark 2013
23%
24 301 Finland 2021
23%
20 340 Germany 2018
23%
35 226 Ireland 1994
23%
28 263 Serbia and Montenegro 2004
23%
46 128 Monaco 1971
15%
49 44 Montenegro 2915
15%
34 229 Poland 2016
15%
40 184 Albania 2018
8%
31 249 Armenia 2016
8%
23 302 Azerbaijan 2019
8%
41 145 Belarus 2007
8%
33 229 Bosnia and Herzegovina 2006
8%
45 131 Croatia 1998
8%
26 281 Czech Republic 2018
8%
32 245 Estonia 2018
8%
44 136 Georgia 2010
8%
30 252 Greece 2004
8%
37 200 Hungary 2017
8%
39 186 Latvia 2015
8%
36 220 Lithuania 2021
8%
42 142 Luxembourg 1983
8%
29 255 Malta 2021
8%
22 305 North Macedonia 2019
8%
25 282 Romania 2017
8%
47 105 Slovenia 2019
8%
38 195 Turkey 2004
8%
No matching quizzes found
Score Distribution
Percent of People with Each Score
Percentile by Number Answered
Your Score History
You have not taken this quiz